Alle Spieler von Bayern München seit 00/01 - Statistiken

Allgemein
  • Dieses Quiz wurde 276 mal gespielt
    58 seit der letzten Aktualisierung
  • Das Durchschnittsergebnis liegt bei 126 aus 217
Antwortstatistiken
FC Bayern München % Korrekt
Alphonso Davies
96%
Arjen Robben
96%
Franck Ribery
96%
Giovane Elber
96%
Harry Kane
96%
Jerome Boateng
96%
Leon Goretzka
96%
Manuel Neuer
96%
Mats Hummels
96%
Miroslav Klose
96%
Philipp Lahm
96%
Serge Gnabry
96%
Sven Ulreich
96%
Thomas Müller
96%
Bastian Schweinsteiger
92%
David Alaba
92%
Leroy Sane
92%
Mario Gomez
92%
Min-Jae Kim
92%
Oliver Kahn
92%
Daniel Van Buyten
88%
Eric-Maxim Choupo-Moting
88%
Hans Jörg Butt
88%
Jonas Urbig
88%
Jonathan Tah
88%
Joshua Kimmich
88%
Lukas Podolski
88%
Mario Götze
88%
Niklas Süle
88%
Robert Lewandowski
88%
Thiago
88%
Aleksandar Pavlovic
84%
Benjamin Pavard
84%
Daniel Peretz
84%
Dante
84%
Dayot Upamecano
84%
Hiroki Ito
84%
Ivica Olic
84%
Jamal Musiala
84%
James Rodriguez
84%
Javi Martinez
84%
Josip Stanisic
84%
Kingsley Coman
84%
Mario Mandzukic
84%
Mark Van Bommel
84%
Tom Starke
84%
Xherdan Shaqiri
84%
Claudio Pizarro
80%
Emre Can
80%
Konrad Laimer
80%
Lucas Hernandez
80%
Michael Ballack
80%
Michael Olise
80%
Michael Rensing
80%
Nicolas Jackson
80%
Rafinha
80%
Roy Makaay
80%
Sebastian Rode
80%
Sebastian Rudy
80%
Stefan Effenberg
80%
Torsten Frings
80%
Xabi Alonso
80%
Alexander Nübel
76%
Arijon Ibrahimovic
76%
Arturo Vidal
76%
Douglas Costa
76%
Holger Badstuber
76%
Luca Toni
76%
Marcell Jansen
76%
Martin Demichelis
76%
Mehmet Scholl
76%
Thomas Kraft
76%
Toni Kroos
76%
Hamit Altintop
72%
Lennart Karl
72%
Luis Diaz
72%
Luiz Gustavo
72%
Mathys Tel
72%
Niko Kovac
72%
Philippe Coutinho
72%
Robert Kovac
72%
Sacha Boey
72%
Sadio Mane
72%
Sandro Wagner
72%
Bixente Lizarazu
68%
Breno
68%
Ivan Perisic
68%
Nils Petersen
68%
Roque Santa Cruz
68%
Tim Borowski
68%
Andreas Ottl
64%
Carsten Jancker
64%
Christian Lell
64%
Eric Dier
64%
Fiete Arp
64%
Jan Schlaudraff
64%
Joao Palhinha
64%
Juan Bernat
64%
Lucio
64%
Lukas Mai
64%
Marcel Sabitzer
64%
Matthijs De Ligt
64%
Mitchell Weiser
64%
Renato Sanches
64%
Oliver Batista Meier
60%
Owen Hargreaves
60%
Raphael Guerreiro
60%
Ryan Gravenberch
60%
Samuel Kuffour
60%
Tom Bischof
60%
Willy Sagnol
60%
Yann Sommer
60%
Ze Roberto
60%
Alexander Zickler
56%
Bouna Sarr
56%
Hasan Salihamidzic
56%
Landon Donovan
56%
Paul Wanner
56%
Sebastian Deisler
56%
Serdar Tasci
56%
Alvaro Odriozola
52%
Bryan Zaragoza
52%
Christian Früchtl
52%
Corentin Tolisso
52%
Danijel Pranjic
52%
Joao Cancelo
52%
Jose Sosa
52%
Julio Dos Santos
52%
Medhi Benatia
52%
Noussair Mazraoui
52%
Patrik Andersson
52%
Paulo Sergio
52%
Pepe Reina
52%
Piotr Trochowski
52%
Steffen Hofmann
52%
Takashi Usami
52%
Alexander Baumjohann
48%
Anatoliy Tymoshchuk
48%
Diego Contento
48%
Jens Jeremies
48%
Pierre-Emile Hojbjerg
48%
Thomas Linke
48%
Zvjezdan Misimovic
48%
Andreas Görlitz
44%
Bernd Dreher
44%
Gianluca Gaudino
44%
Jonathan Asp Jensen
44%
Marco Friedl
44%
Marc Roca
44%
Michael Cuisance
44%
Michael Tarnat
44%
Paolo Guerrero
44%
Tanguy Nianzou
44%
Ali Karimi
40%
Angelo Stiller
40%
Chris Richards
40%
Daley Blind
40%
Jan Kirchhoff
40%
Kwasi Wriedt
40%
Lukas Raeder
40%
Markus Feulner
40%
Omar Richards
40%
Stephan Fürstner
40%
Thomas Strunz
40%
Tobias Rau
40%
Valerien Ismael
40%
Adam Aznou
36%
Edson Braafheid
36%
Frans Krätzig
36%
Gabriel Vidovic
36%
Joshua Zirkzee
36%
Milos Pantovic
36%
Niklas Dorsch
36%
Sinan Kurt
36%
Stefan Maierhofer
36%
Stefan Wessels
36%
Vahid Hashemian
36%
Wisdom Mike
36%
Woo-Yeong Jeong
36%
Bright Arrey-Mbi
32%
Cassiano Kiala
32%
Julian Green
32%
Malik Tillman
32%
Massimo Oddo
32%
Sarpreet Singh
32%
Tiago Dantas
32%
Bara Sapoko Ndiaye
28%
David Santos Daiber
28%
Jonah Kusi-Asare
28%
Lovro Zvonarek
28%
Thorsten Fink
28%
Deniz Ofli
24%
Fabian Benko
24%
Ciriaco Sforza
20%
Franck Evina
20%
Matteo Perez Vinlöf
20%
Meritan Shabani
20%
Pablo Thiam
20%
Rico Strieder
20%
Ylli Sallahi
20%
Armindo Sieb
16%
Leon Dajaku
16%
Lukas Görtler
16%
Michael Wiesinger
16%
Taichi Fukui
16%
Taylor Booth
16%
Antonio Di Salvo
12%
Berkant Göktan
12%
Christopher Scott
12%
Felipe Chavez
12%
Filip Pavic
12%
Louis Ngwat-Mahop
12%
Lucas Copado
12%
Slawomir Wojciechowski
12%
Erblin Osmani
8%
Maycon Cardozo
8%
Daniels Ontuzans
4%
Keine übereinstimmenden Quizze gefunden
Verteilung der Resultate
Anzahl Personen mit jedem Resultat
Perzentil nach korrekt beantworteten Fragen
Ihre Resultats-Entwicklung
Sie haben dieses Quiz seit der letzten Aktualisierung nicht gespielt